<?xml version="1.0" encoding="UTF-8"?>
<record
    xmlns:xsi="http://www.w3.org/2001/XMLSchema-instance"
    xsi:schemaLocation="http://www.loc.gov/MARC21/slim http://www.loc.gov/standards/marcxml/schema/MARC21slim.xsd"
    xmlns="http://www.loc.gov/MARC21/slim">

  <leader>01100nab a2200217 i 4500</leader>
  <controlfield tag="001">BPP</controlfield>
  <controlfield tag="003">BPK</controlfield>
  <controlfield tag="005">20151022140043.0</controlfield>
  <controlfield tag="008">151022s2011    pl  n  f     |000  0pol</controlfield>
  <datafield tag="040" ind1=" " ind2=" ">
    <subfield code="c">BPK</subfield>
  </datafield>
  <datafield tag="080" ind1=" " ind2=" ">
    <subfield code="a">621.3.037.37</subfield>
  </datafield>
  <datafield tag="100" ind1=" " ind2=" ">
    <subfield code="a">&#x141;UCZAK, Rados&#x142;aw.</subfield>
    <subfield code="d">1997 - .</subfield>
    <subfield code="b">Politechnika Koszali&#x144;ska - Wydzia&#x142; Elektroniki i Informatyki,</subfield>
    <subfield code="c">Katedra In&#x17C;ynierii Komputerowej</subfield>
  </datafield>
  <datafield tag="245" ind1=" " ind2=" ">
    <subfield code="a">A gdyby tak posterowa&#x107; pr&#x105;dem ... /</subfield>
    <subfield code="c">Rados&#x142;aw &#x141;uczak.</subfield>
  </datafield>
  <datafield tag="260" ind1=" " ind2=" ">
    <subfield code="c">2011.</subfield>
  </datafield>
  <datafield tag="500" ind1=" " ind2=" ">
    <subfield code="a">Dane z autopsji.</subfield>
  </datafield>
  <datafield tag="520" ind1=" " ind2=" ">
    <subfield code="a">W artykule przedstawiono ide&#x119; budowy system&#xF3;w cyfrowych pracuj&#x105;cych w trybie pr&#x105;dowym, kt&#xF3;re realizowane s&#x105; w oparciu o bramki pr&#x105;dowe wymy&#x15B;lone przez prof. Andrzeja Guzi&#x144;skiego. Pokazano ich potencja&#x142; i etapy rozwoju oraz dokonano zestawienia potencjalnych mo&#x17C;liwo&#x15B;ci zastosowania bramek pr&#x105;dowych we wsp&#xF3;&#x142;czesnych uk&#x142;adach elektronicznych.</subfield>
  </datafield>
  <datafield tag="650" ind1=" " ind2="0">
    <subfield code="a">Uk&#x142;ady elektroniczne.</subfield>
  </datafield>
  <datafield tag="650" ind1=" " ind2="0">
    <subfield code="a">Pr&#x105;dy sta&#x142;e.</subfield>
  </datafield>
  <datafield tag="773" ind1=" " ind2=" ">
    <subfield code="i">W :</subfield>
    <subfield code="t">Zeszyty Naukowe Wydzia&#x142;u Elektroniki i Informatyki Politechniki Koszali&#x144;skiej. -</subfield>
    <subfield code="g">2011, nr 3, s. 9-28</subfield>
  </datafield>
  <datafield tag="942" ind1=" " ind2=" ">
    <subfield code="c">ART</subfield>
    <subfield code="2">UKD</subfield>
  </datafield>
  <datafield tag="999" ind1=" " ind2=" ">
    <subfield code="c">5623</subfield>
    <subfield code="d">5623</subfield>
  </datafield>
  <datafield tag="952" ind1=" " ind2=" ">
    <subfield code="0">0</subfield>
    <subfield code="1">0</subfield>
    <subfield code="4">0</subfield>
    <subfield code="7">0</subfield>
    <subfield code="a">BPK</subfield>
    <subfield code="b">BPK</subfield>
    <subfield code="o">01547</subfield>
    <subfield code="y">ART</subfield>
  </datafield>
</record>
